000 00488nam a2200205Ia 4500
003 LK-CoDNM
005 20241202112010.0
008 010623t xxu||||| |||| 00| 1 sin d
040 _aLK-CoDNM
_dLK-CoDNM
_eLK-CoDNM
041 _asin
080 _a294.34
_bGAM
100 _aGamanayake, Boni.
245 _aසැපත
246 _aSepata
260 _aColombo 10
_bSamayawardhana printers
_c1979
300 _b13p. ; 21 cm
650 _a1979
650 _aBuddhism
942 _cBK
999 _c141865
_d141865